Basic Electronics Devices & Circuits (Record no. 6914)

MARC details
000 -LEADER
fixed length control field 00392nam a2200157Ia 4500
008 - FIXED-LENGTH DATA ELEMENTS--GENERAL INFORMATION
fixed length control field 221030s9999 xx 000 0 und d
020 ## - INTERNATIONAL STANDARD BOOK NUMBER
ISBN 8186555331
041 ## - LANGUAGE CODE
Language code of text/sound track or separate title
082 ## - DEWEY DECIMAL CLASSIFICATION NUMBER
Classification number 105.23
Item number Mit
100 ## - MAIN ENTRY--AUTHOR NAME
Personal name G. K. Mithal
245 #0 - TITLE STATEMENT
Title Basic Electronics Devices & Circuits
Statement of responsibility, etc by G. K. Mithal
260 ## - PUBLICATION, DISTRIBUTION, ETC. (IMPRINT)
Name of publisher G. K. Pub
Place of publication Jabalpur
Year of publication 1998
300 ## - PHYSICAL DESCRIPTION
Number of Pages 12.12
650 ## - SUBJECT ADDED ENTRY--TOPICAL TERM
Topical Term ECE & EE
942 ## - ADDED ENTRY ELEMENTS (KOHA)
Koha item type Books
Holdings
Accession Number Cost, normal purchase price Full call number Price effective from Koha item type Withdrawn / writtenoff status Materials specified (bound volume or other part) Damaged status Not for loan Permanent Location Current Location Shelving location Date acquired Lost/ Missing status department
BE 2686 12.12 105.23 Mit 10/30/2022 Books   Print     MIET Library, Jammu MIET Library, Jammu BL-Academic Block- A, FL-1, CUP-11, SH-2, R-2 03/08/2001   BE